[Event "12sen.WM-H Naumburg"]
[Site "Naumburg/Saale(20.10.-03.11.)"]
[Date "2002.10.28"]
[Round "6"]
[White "Mann, Klaus_Dieter"]
[Black "Kelchner, Hans"]
[Result "1-0"]
[WhiteElo "1979"]
[BlackElo "2149"]
[PlyCount "51"]
[EventDate "2002.11.??"]

1. e4 d5 2. exd5 Qxd5 3. Nc3 Qa5 4. d4 c6 5. Bc4 Bf5 6. Nf3 Nf6 7. O-O e6 8.
Bb3 Bd6 9. Qe2 Nbd7 10. Re1 O-O-O 11. Ne5 Bg6 12. h3 Qc7 13. f4 Nd5 14. Nxd5
exd5 15. Be3 Rde8 16. c4 dxc4 17. Bxc4 f6 18. Nxg6 hxg6 19. Qf3 Re7 20. Re2
Rhe8 21. Rc1 Kb8 22. Rcc2 c5 23. Bb5 b6 24. b4 Rc8 25. bxc5 bxc5 26. Bxd7 1-0

[Event "12sen.WM-H Naumburg"]
[Site "Naumburg/Saale(20.10.-03.11.)"]
[Date "2002.10.28"]
[Round "6"]
[White "Masich, Vladimir"]
[Black "Packroff, Hermann"]
[Result "1/2-1/2"]
[WhiteElo "2084"]
[BlackElo "2262"]
[PlyCount "116"]
[EventDate "2002.11.??"]

1. c4 Nf6 2. Nc3 d5 3. cxd5 Nxd5 4. g3 g6 5. Bg2 Nxc3 6. bxc3 Bg7 7. Nf3 O-O 8.
O-O Nd7 9. Ba3 Nb6 10. Qc2 Bd7 11. Qe4 Be6 12. Qh4 f6 13. Qb4 Re8 14. Nd4 Bd5
15. Bxd5+ Qxd5 16. Qb3 Kf7 17. Rab1 Qxb3 18. Rxb3 Nc4 19. Bc1 Nd6 20. Nb5 Nxb5
21. Rxb5 b6 22. d4 c6 23. Rb3 e6 24. e4 Bf8 25. Be3 Red8 26. Kg2 Rd7 27. h4 h5
28. Rfb1 Rad8 29. a4 Bd6 30. f4 f5 31. e5 Be7 32. c4 Rc7 33. c5 bxc5 34. dxc5
Rd5 35. Rb7 Rdd7 36. Rxc7 Rxc7 37. a5 Ke8 38. Rb8+ Bd8 39. a6 Kd7 40. Bd2 Rc8
41. Rb7+ Rc7 42. Rb8 Rc8 43. Rb3 Bc7 44. Rb7 Rb8 45. Kf3 Rxb7 46. axb7 Bb8 47.
Ba5 Bc7 48. Ke3 Bb8 49. Kd4 Bc7 50. Kc4 Bb8 51. Kc3 Bc7 52. Kb3 Bb8 53. Ka4 Bc7
54. Bc3 Kd8 55. b8=Q+ Bxb8 56. Ka5 Kc8 57. Ka6 Bc7 58. Kxa7 Bd8 1/2-1/2

[Event "12sen.WM-H Naumburg"]
[Site "Naumburg/Saale(20.10.-03.11.)"]
[Date "2002.10.28"]
[Round "6"]
[White "Mauersberger, Frank"]
[Black "Frauenfelder, Rudolf"]
[Result "0-1"]
[WhiteElo "1992"]
[BlackElo "2151"]
[PlyCount "140"]
[EventDate "2002.11.??"]

1. e4 c5 2. Nc3 Nc6 3. g3 g6 4. Bg2 Bg7 5. d3 d6 6. Nge2 e6 7. O-O Nge7 8. f4
O-O 9. Be3 Nd4 10. Qd2 Rb8 11. Rae1 b6 12. Nd1 Bb7 13. c3 Nxe2+ 14. Rxe2 Qc7
15. Rfe1 Rfd8 16. d4 d5 17. e5 Nf5 18. g4 Nxe3 19. Qxe3 Bf8 20. f5 exf5 21.
gxf5 gxf5 22. Qg5+ Kh8 23. Qxf5 Bc8 24. Qf4 Be6 25. Ne3 Be7 26. Nf5 Rg8 27.
Nxe7 Qxe7 28. Rf1 Rg4 29. Qe3 Rbg8 30. Kh1 cxd4 31. cxd4 Qh4 32. Qa3 Rxd4 33.
Qxa7 b5 34. Qa3 b4 35. Qe3 Rg6 36. a4 bxa3 37. bxa3 Rh6 38. Bf3 Rg6 39. Rg1
Rxg1+ 40. Qxg1 Bg4 41. Bxg4 Rxg4 42. Qb6 Rg6 43. Qf2 Qc4 44. e6 d4 45. h3 Qd5+
46. Kh2 Qd6+ 47. Kh1 fxe6 48. Re4 e5 49. Qf5 Re6 50. Rh4 h6 51. Rg4 Rf6 52.
Qc8+ Rf8 53. Qb7 Qf6 54. Qg2 Kh7 55. Qe4+ Qf5 56. Qg2 Rf7 57. Qa8 Qf3+ 58. Qxf3
Rxf3 59. Re4 d3 60. Re1 d2 61. Rd1 e4 62. a4 Rxh3+ 63. Kg2 Rd3 64. Kf2 e3+ 65.
Ke2 Ra3 66. a5 Kg6 67. a6 Kf5 68. a7 Ke4 69. Rh1 Rxa7 70. Rh4+ Kf5 0-1

[Event "12sen.WM-H Naumburg"]
[Site "Naumburg/Saale(20.10.-03.11.)"]
[Date "2002.10.28"]
[Round "6"]
[White "Meiling, Hermann"]
[Black "Smits, Oswald"]
[Result "1/2-1/2"]
[WhiteElo "2028"]
[BlackElo "1619"]
[PlyCount "98"]
[EventDate "2002.11.??"]

1. d4 e6 2. c4 Nf6 3. Nc3 d5 4. Bg5 Be7 5. e3 b6 6. Nf3 Bb7 7. Rc1 Nbd7 8. h3
O-O 9. Bf4 Rc8 10. Bd3 dxc4 11. Bxc4 Bd6 12. Bxd6 cxd6 13. Qe2 d5 14. Bd3 Ne4
15. O-O Nxc3 16. Rxc3 Rxc3 17. bxc3 Nb8 18. Qb2 Qc7 19. Rc1 Rc8 20. Nd2 Ba6 21.
Bxa6 Nxa6 22. c4 Qc6 23. Qa3 b5 24. c5 Nc7 25. Qxa7 Ne8 26. Qa3 Nd6 27. Rb1 Nc4
28. Nxc4 dxc4 29. Qb4 Qa6 30. Qxb5 Qxa2 31. Rc1 g6 32. Qxc4 Qd2 33. Qc2 Qa5 34.
Qc3 Qc7 35. g3 h5 36. f4 Qc6 37. Kf2 f6 38. Qd3 Kg7 39. Ra1 Rb8 40. e4 Rb2+ 41.
Kg1 f5 42. Re1 Qb7 43. Re2 Rb3 44. Qc4 Rxg3+ 45. Kh2 h4 46. Qxe6 Qb1 47. Qe7+
Kg8 48. Qe8+ Kg7 49. Qe7+ Kg8 1/2-1/2

[Event "12sen.WM-H Naumburg"]
[Site "Naumburg/Saale(20.10.-03.11.)"]
[Date "2002.10.28"]
[Round "6"]
[White "Melzig, Ernst"]
[Black "Kuczmera, Manfred"]
[Result "0-1"]
[WhiteElo "1405"]
[BlackElo "1608"]
[PlyCount "74"]
[EventDate "2002.11.??"]

1. b4 e5 2. Bb2 Bxb4 3. Bxe5 Nf6 4. c4 Nc6 5. Bb2 O-O 6. e3 d5 7. cxd5 Nxd5 8.
Bc4 Be6 9. Bxd5 Bxd5 10. Nf3 Bc4 11. Nd4 Nxd4 12. Bxd4 Qxd4 13. Nc3 Bxc3 14.
Rc1 Bxd2+ 15. Qxd2 Qxd2+ 16. Kxd2 b5 17. Kc3 Rfd8 18. Rhd1 Kf8 19. a4 c6 20.
axb5 cxb5 21. Rd2 Rxd2 22. Kxd2 Rd8+ 23. Ke1 Ke7 24. Ra1 Rd7 25. f4 Kd6 26. Kd2
Kc6+ 27. Kc2 Kb6 28. g4 a5 29. h4 b4 30. Re1 a4 31. e4 a3 32. Kb1 b3 33. Kc1
Bd3 34. Kd2 Bc2+ 35. Kc1 Rd1+ 36. Rxd1 Bxd1 37. Kxd1 a2 0-1

[Event "12sen.WM-H Naumburg"]
[Site "Naumburg/Saale(20.10.-03.11.)"]
[Date "2002.10.28"]
[Round "6"]
[White "Mietner, Franz"]
[Black "Gerhardt, Peter_Michael"]
[Result "0-1"]
[WhiteElo "1742"]
[BlackElo "2124"]
[PlyCount "52"]
[EventDate "2002.11.??"]

1. e4 c5 2. Nf3 a6 3. d4 cxd4 4. Nxd4 Nf6 5. Nc3 e5 6. Nb3 Bb4 7. Bd3 Bxc3+ 8.
bxc3 d5 9. exd5 Qxd5 10. O-O O-O 11. c4 Qc6 12. Bb2 Re8 13. f3 Nbd7 14. Qe1 a5
15. Qh4 a4 16. Nd2 Qb6+ 17. c5 Qxb2 18. Qg3 Nxc5 19. Ne4 Nfxe4 20. fxe4 Qd4+
21. Kh1 Nxd3 22. cxd3 Ra6 23. Rac1 Rg6 24. Qh4 Qxd3 25. Rfd1 Qe2 26. g3 Bg4 0-1

[Event "12sen.WM-H Naumburg"]
[Site "Naumburg/Saale(20.10.-03.11.)"]
[Date "2002.10.28"]
[Round "6"]
[White "Mosionzhik, Ilja"]
[Black "Keze, Arnis"]
[Result "1-0"]
[WhiteElo "2253"]
[BlackElo "2046"]
[PlyCount "31"]
[EventDate "2002.11.??"]

1. e4 c5 2. Nf3 Nc6 3. Bb5 e6 4. Bxc6 dxc6 5. d3 Qc7 6. e5 Ne7 7. O-O Ng6 8.
Qe2 Be7 9. b3 b5 10. Bb2 Bb7 11. Nbd2 a5 12. a4 b4 13. Ne4 Rd8 14. Nfd2 Ba6 15.
f4 Rd4 16. Rf2 1-0

[Event "12sen.WM-H Naumburg"]
[Site "Naumburg/Saale(20.10.-03.11.)"]
[Date "2002.10.28"]
[Round "6"]
[White "Neumann, Horst"]
[Black "Glende, Siegfried"]
[Result "1-0"]
[WhiteElo "2035"]
[BlackElo "1708"]
[PlyCount "113"]
[EventDate "2002.11.??"]

1. d4 Nf6 2. Bg5 c6 3. Nd2 Qb6 4. Nb3 a5 5. Rb1 d6 6. e3 Nbd7 7. Bd3 a4 8. Nd2
Qa5 9. Ngf3 h6 10. Bh4 b5 11. O-O Bb7 12. h3 g5 13. Bg3 g4 14. hxg4 Nxg4 15.
Nh4 Ngf6 16. e4 O-O-O 17. Qe2 e6 18. c4 b4 19. d5 c5 20. dxe6 fxe6 21. Ng6 Rg8
22. e5 dxe5 23. Nxe5 Qb6 24. Ndf3 h5 25. Rbd1 h4 26. Nxh4 Nxe5 27. Qxe5 Nd7 28.
Qf4 Be7 29. Ng6 Bf6 30. Bb1 Qc6 31. f3 e5 32. Qf5 Rg7 33. Be4 Qc7 34. Rxd7 Qxd7
35. Qxf6 Bxe4 36. fxe4 Rdg8 37. Qxe5 Qd4+ 38. Bf2 Qxe5 39. Nxe5 Rxg2+ 40. Kh1
R2g5 41. Nf3 Rh5+ 42. Nh2 Rf8 43. Kg2 Rg8+ 44. Bg3 Rhg5 45. Rf3 Kd7 46. Kf2 Ke6
47. Nf1 R5g7 48. Ne3 Rf7 49. Nf5 Rd8 50. Ke2 Rfd7 51. Bf4 Rd1 52. Ng7+ Kf7 53.
Bd2+ Kxg7 54. Kxd1 Rd4 55. b3 axb3 56. axb3 Rxe4 57. Rf5 1-0

[Event "12sen.WM-H Naumburg"]
[Site "Naumburg/Saale(20.10.-03.11.)"]
[Date "2002.10.28"]
[Round "6"]
[White "Niebling, Ferdinand"]
[Black "Vucenovic, Dragomir"]
[Result "1/2-1/2"]
[WhiteElo "2131"]
[BlackElo "2279"]
[PlyCount "68"]
[EventDate "2002.11.??"]

1. e4 e5 2. Nf3 Nf6 3. Nxe5 d6 4. Nf3 Nxe4 5. Bd3 Nc5 6. Be2 Be7 7. d4 Ne4 8.
O-O d5 9. h3 O-O 10. Bf4 Be6 11. Bd3 c5 12. c4 Nc6 13. cxd5 Bxd5 14. Qe2 Nf6
15. dxc5 Bxc5 16. Nc3 Re8 17. Qd1 Nb4 18. Bb5 Bc6 19. Bxc6 Nxc6 20. Qb3 Qb6 21.
Qxb6 Bxb6 22. Rad1 h6 23. Rfe1 Rxe1+ 24. Rxe1 Nb4 25. Rd1 Re8 26. Be5 Re6 27.
a3 Na6 28. Bxf6 Rxf6 29. Nd5 Re6 30. Nxb6 Rxb6 31. Rd8+ Kh7 32. b4 Nc7 33. Nd4
Nb5 34. Nxb5 Rxb5 1/2-1/2

[Event "12sen.WM-H Naumburg"]
[Site "Naumburg/Saale(20.10.-03.11.)"]
[Date "2002.10.28"]
[Round "6"]
[White "Nopp, Josef"]
[Black "Steffen, Guenter"]
[Result "0-1"]
[WhiteElo "1579"]
[BlackElo "1847"]
[PlyCount "110"]
[EventDate "2002.11.??"]

1. Nf3 b6 2. d4 Bb7 3. Nbd2 Nf6 4. e3 e6 5. Bd3 c5 6. c3 cxd4 7. exd4 Be7 8.
O-O O-O 9. Qe2 d5 10. Ne5 g6 11. f4 Nh5 12. g4 Ng7 13. Qg2 Nd7 14. Ndf3 Nxe5
15. Nxe5 Qc8 16. Qh3 Ba6 17. Rf3 Bxd3 18. Nxd3 f5 19. Ne5 Bd6 20. Qh6 Bxe5 21.
fxe5 fxg4 22. Rxf8+ Qxf8 23. Bd2 Nf5 24. Qg5 Qd8 25. Qxg4 Qh4 26. Qxh4 Nxh4 27.
Rf1 Rf8 28. Rxf8+ Kxf8 29. Kf2 Nf5 30. Bg5 Kf7 31. a4 Ke8 32. b4 a6 33. Bf6 b5
34. a5 Kf7 35. Bg5 h6 36. Bd2 g5 37. h3 Kg6 38. Be1 Kh5 39. Kf3 Ne7 40. Bf2 Kg6
41. h4 Kf5 42. hxg5 hxg5 43. Bg3 Ng6 44. Be1 Nh4+ 45. Kf2 Kg4 46. Bd2 Nf5 47.
Kg2 Nh4+ 48. Kf2 Nf5 49. Kg2 Kh5 50. Kf3 Kh4 51. Kg2 g4 52. Bf4 g3 53. Bc1 Kg4
54. Bd2 Nh4+ 55. Kf1 g2+ 0-1

[Event "12sen.WM-H Naumburg"]
[Site "Naumburg/Saale(20.10.-03.11.)"]
[Date "2002.10.28"]
[Round "6"]
[White "Ofstad, Per"]
[Black "Schoenegg, Werner"]
[Result "1-0"]
[WhiteElo "2199"]
[BlackElo "2015"]
[PlyCount "59"]
[EventDate "2002.11.??"]

1. e4 d6 2. d4 Nf6 3. Nc3 g6 4. f3 Bg7 5. Be3 O-O 6. Qd2 Nbd7 7. Nh3 e5 8.
O-O-O a6 9. d5 b5 10. Nf2 b4 11. Ne2 a5 12. g4 Ba6 13. Ng3 Bxf1 14. Rdxf1 Qc8
15. Bh6 c5 16. Bxg7 Kxg7 17. h4 h6 18. h5 Rh8 19. g5 Nxh5 20. Nxh5+ gxh5 21.
Rxh5 Nf8 22. gxh6+ Kh7 23. Ng4 Qd8 24. Rf5 Rg8 25. Nf6+ Kh8 26. Nxg8 Kxg8 27.
h7+ Kxh7 28. Rh1+ Kg8 29. Qh6 Ng6 30. Qh7+ 1-0

[Event "12sen.WM-H Naumburg"]
[Site "Naumburg/Saale(20.10.-03.11.)"]
[Date "2002.10.28"]
[Round "6"]
[White "Peierl, Walter"]
[Black "Ivanets, Vladimir[39Russl]"]
[Result "0-1"]
[WhiteElo "1800"]
[BlackElo "2287"]
[PlyCount "50"]
[EventDate "2002.11.??"]

1. e4 c5 2. d4 cxd4 3. c3 dxc3 4. Nxc3 a6 5. Nf3 e6 6. Bc4 Nc6 7. O-O d6 8. Qe2
Bd7 9. Rd1 Be7 10. Be3 Nf6 11. Bf4 b5 12. Bxb5 axb5 13. Nxb5 O-O 14. Rac1 Rxa2
15. Nxd6 Qb8 16. Qd3 Qxb2 17. Qf1 Rfa8 18. h3 h6 19. Nb5 R2a4 20. Kh1 Rxe4 21.
Bg3 Nd5 22. Nc7 Nxc7 23. Rxd7 Nd5 24. Rd1 Rea4 25. Qd3 Ra1 0-1

[Event "12sen.WM-H Naumburg"]
[Site "Naumburg/Saale(20.10.-03.11.)"]
[Date "2002.10.28"]
[Round "6"]
[White "Perk, Egbert"]
[Black "Schneider, Siegfried[42Wilk]"]
[Result "1/2-1/2"]
[WhiteElo "1910"]
[BlackElo "1676"]
[PlyCount "60"]
[EventDate "2002.11.??"]

1. d4 d5 2. c4 c6 3. e3 Nf6 4. Nc3 Bf5 5. Qb3 Qb6 6. c5 Qc7 7. Nf3 Nbd7 8. Bd2
h6 9. Rc1 e6 10. Nh4 Bh7 11. f4 Be7 12. Nf3 O-O 13. Be2 Ne4 14. O-O Ndf6 15.
Be1 Ng4 16. Nxe4 Bxe4 17. Ne5 Nxe5 18. fxe5 f6 19. exf6 Bxf6 20. Bg3 Qd7 21.
Rf2 Bg5 22. Rcf1 Rxf2 23. Rxf2 Rf8 24. Rxf8+ Kxf8 25. h4 Bf6 26. Qd1 Qd8 27.
Qe1 g5 28. Qf2 Kg7 29. hxg5 Bxg5 30. Bh5 Qf8 1/2-1/2

[Event "12sen.WM-H Naumburg"]
[Site "Naumburg/Saale(20.10.-03.11.)"]
[Date "2002.10.28"]
[Round "6"]
[White "Petkevitch, Josef"]
[Black "Kosanski, Stanko"]
[Result "1/2-1/2"]
[WhiteElo "2439"]
[BlackElo "2386"]
[PlyCount "41"]
[EventDate "2002.11.??"]

1. Nf3 c5 2. c4 Nc6 3. Nc3 g6 4. g3 Bg7 5. Bg2 d6 6. d3 Bd7 7. Bd2 a6 8. Rb1 b5
9. cxb5 axb5 10. Nxb5 Rxa2 11. Bc3 Bxc3+ 12. bxc3 Nf6 13. O-O O-O 14. h3 Qa5
15. c4 Na7 16. Nxa7 Qxa7 17. Re1 Rb8 18. Qc1 Rxb1 19. Qxb1 Kg7 20. g4 h6 21.
Qc1 1/2-1/2

[Event "12sen.WM-H Naumburg"]
[Site "Naumburg/Saale(20.10.-03.11.)"]
[Date "2002.10.28"]
[Round "6"]
[White "Piankov, Evgenij"]
[Black "Gaspariants, Garry"]
[Result "1/2-1/2"]
[WhiteElo "2353"]
[BlackElo "2240"]
[PlyCount "94"]
[EventDate "2002.11.??"]

1. d4 Nf6 2. c3 e6 3. Bg5 c5 4. e3 cxd4 5. exd4 Be7 6. Nd2 d6 7. Ngf3 Nbd7 8.
Bd3 b6 9. O-O Bb7 10. a4 a6 11. Re1 O-O 12. Bh4 Re8 13. c4 e5 14. Qc2 exd4 15.
Nxd4 g6 16. Be2 Qc7 17. Rac1 Bf8 18. Bg3 Ne4 19. Nxe4 Rxe4 20. Red1 Bg7 21. Nf3
Re6 22. Ng5 Rf6 23. Ne4 Bxe4 24. Qxe4 Rd8 25. Bh4 Bh6 26. Rc3 g5 27. Bg3 Re6
28. Qc2 Rde8 29. Bf1 Nc5 30. b4 Ne4 31. Re3 g4 32. Red3 Bg7 33. Bf4 Be5 34.
Bxe5 Rxe5 35. Rd4 R8e6 36. Qc1 Qe7 37. Rd5 Qf6 38. Qe3 a5 39. bxa5 bxa5 40.
R1d4 h5 41. f4 gxf3 42. Qxf3 Qxf3 43. gxf3 Rg6+ 44. Bg2 Nc3 45. Rxe5 dxe5 46.
Rd8+ Kg7 47. Kf2 Nxa4 1/2-1/2

[Event "12sen.WM-H Naumburg"]
[Site "Naumburg/Saale(20.10.-03.11.)"]
[Date "2002.10.28"]
[Round "6"]
[White "Reichenbach, Werner"]
[Black "Hoeschele, Hans_Ulrich"]
[Result "1-0"]
[WhiteElo "2297"]
[BlackElo "2159"]
[PlyCount "61"]
[EventDate "2002.11.??"]

1. e4 d6 2. d4 Nf6 3. Nc3 c6 4. f4 g6 5. Nf3 Bg7 6. Bd3 Bg4 7. h3 Bxf3 8. Qxf3
e6 9. e5 dxe5 10. fxe5 Nd5 11. Ne4 O-O 12. Bg5 f6 13. exf6 Nxf6 14. c3 Nbd7 15.
O-O Qb6 16. Nd6 c5 17. Nc4 Qc6 18. Qxc6 bxc6 19. dxc5 Nxc5 20. Bc2 Nd5 21. Rae1
Rxf1+ 22. Kxf1 a5 23. a4 Re8 24. Nxa5 Nxc3 25. Nxc6 Nd5 26. b4 Bc3 27. bxc5
Bxe1 28. Kxe1 Rc8 29. Ne7+ Nxe7 30. Bxe7 Kf7 31. Bd6 1-0

[Event "12sen.WM-H Naumburg"]
[Site "Naumburg/Saale(20.10.-03.11.)"]
[Date "2002.10.28"]
[Round "6"]
[White "Reichert, Rudolf"]
[Black "Heinemann, Klaus_Detlef"]
[Result "1-0"]
[WhiteElo "1581"]
[BlackElo "1458"]
[PlyCount "103"]
[EventDate "2002.11.??"]

1. e4 e5 2. Nc3 Nf6 3. Nf3 Nc6 4. Bc4 Na5 5. Qe2 Nxc4 6. Qxc4 h6 7. d3 d6 8. h3
c6 9. d4 exd4 10. Qxd4 c5 11. Qd3 Be7 12. O-O O-O 13. Be3 Be6 14. Ne2 c4 15.
Qd4 Nh7 16. c3 Ng5 17. Nxg5 hxg5 18. f4 f5 19. exf5 Rxf5 20. Ng3 Rb5 21. f5 Bf6
22. Qd2 Rd5 23. Qf2 Bf7 24. Ne4 a5 25. Rad1 Ra6 26. Bd4 b5 27. Bxf6 gxf6 28. h4
Rxd1 29. Rxd1 d5 30. hxg5 fxg5 31. Qe3 Bh5 32. Rd4 g4 33. f6 Rxf6 34. Qg5+ Bg6
35. Nxf6+ Kf7 36. Qxd5+ Qxd5 37. Nxd5 Bf5 38. Rf4 Ke6 39. Nc7+ Ke5 40. g3 Bd7
41. Na6 Bc8 42. Nc7 Bd7 43. Rd4 Bc6 44. Kf2 b4 45. Na6 Bb5 46. Nc7 Bc6 47. cxb4
Kxd4 48. bxa5 Kd3 49. Ne6 Kc2 50. Nd4+ Kxb2 51. Nxc6 Kxa2 52. a6 1-0

[Event "12sen.WM-H Naumburg"]
[Site "Naumburg/Saale(20.10.-03.11.)"]
[Date "2002.10.28"]
[Round "6"]
[White "Reimann, Hubert[42Merse"]
[Black "Glaser, Heinz_Alfred"]
[Result "1-0"]
[WhiteElo "1941"]
[BlackElo "1680"]
[PlyCount "97"]
[EventDate "2002.11.??"]

1. d4 d5 2. c4 e5 3. dxe5 d4 4. Nf3 Nc6 5. a3 a5 6. g3 Bf5 7. Bg2 Nge7 8. O-O
Ng6 9. Bg5 Qd7 10. Re1 Ngxe5 11. Nxe5 Nxe5 12. b3 a4 13. e3 d3 14. Nd2 c6 15.
b4 f6 16. Bf4 Bg4 17. f3 Bh3 18. Bxe5 fxe5 19. Ne4 Bxg2 20. Kxg2 Be7 21. Ra2
O-O 22. Rd2 Qe6 23. c5 Rfd8 24. Rxd3 Rxd3 25. Qxd3 Rd8 26. Qc2 Qb3 27. Qxb3+
axb3 28. Rb1 Rd3 29. Kf2 b2 30. Rxb2 Rxa3 31. Ke2 Kf7 32. Nd2 Bf6 33. Nc4 e4
34. Nxa3 Bxb2 35. Nc2 exf3+ 36. Kxf3 Be5 37. Ke4 Bc3 38. Kd3 Be5 39. Na3 h5 40.
Nc4 Bc7 41. e4 g5 42. e5 Ke6 43. Ke4 Bd8 44. h3 Bc7 45. g4 hxg4 46. hxg4 Bd8
47. Na5 Bc7 48. Nxb7 Bxe5 49. Nd8+ 1-0

[Event "12sen.WM-H Naumburg"]
[Site "Naumburg/Saale(20.10.-03.11.)"]
[Date "2002.10.28"]
[Round "6"]
[White "Rettler, Heinz"]
[Black "Zurel, Maxim"]
[Result "1-0"]
[WhiteElo "2167"]
[BlackElo "1777"]
[PlyCount "67"]
[EventDate "2002.11.??"]

1. e4 e5 2. Nf3 Nc6 3. Bb5 Nf6 4. O-O d6 5. Re1 Be7 6. h3 a6 7. Bxc6+ bxc6 8.
d4 exd4 9. Nxd4 c5 10. Nc6 Qd7 11. Nxe7 Qxe7 12. Nc3 O-O 13. Bg5 c6 14. Qf3 Rb8
15. e5 dxe5 16. Ne4 Qe6 17. Nxf6+ gxf6 18. Bxf6 Qf5 19. Rxe5 Qxc2 20. Rg5+ Qg6
21. Rxg6+ fxg6 22. Qc3 Be6 23. f3 Rf7 24. Re1 Bd5 25. Re7 Rxe7 26. Bxe7 Re8 27.
Bxc5 Kf7 28. Be3 Re6 29. Qc5 Re7 30. Qb6 h5 31. Qxa6 Re5 32. Qb7+ Re7 33. Qc8
Ra7 34. Bxa7 1-0

[Event "12sen.WM-H Naumburg"]
[Site "Naumburg/Saale(20.10.-03.11.)"]
[Date "2002.10.28"]
[Round "6"]
[White "Roellig, Wolfgang"]
[Black "Rauscher, Erwin"]
[Result "1/2-1/2"]
[WhiteElo "1442"]
[BlackElo "1579"]
[PlyCount "35"]
[EventDate "2002.11.??"]

1. d4 f5 2. Nf3 Nf6 3. h3 g6 4. Bf4 Bg7 5. e3 O-O 6. c3 c6 7. Bd3 d5 8. O-O Re8
9. Re1 h6 10. Bh2 Nbd7 11. Bc2 Nf8 12. Nbd2 N6d7 13. Rb1 e5 14. Nxe5 Nxe5 15.
dxe5 Bxe5 16. Bxe5 Rxe5 17. Nf3 Re7 18. c4 1/2-1/2

[Event "12sen.WM-H Naumburg"]
[Site "Naumburg/Saale(20.10.-03.11.)"]
[Date "2002.10.28"]
[Round "6"]
[White "Rosen, Willy"]
[Black "Rychlik, Kurt"]
[Result "1-0"]
[WhiteElo "2336"]
[BlackElo "2078"]
[PlyCount "129"]
[EventDate "2002.11.??"]

1. e4 g6 2. d4 Bg7 3. Nc3 c5 4. dxc5 Qa5 5. Bd2 Qxc5 6. Nd5 a5 7. Be3 Qc6 8.
Bb5 Qd6 9. c3 Na6 10. Nb6 Rb8 11. Qa4 Nc5 12. Qxa5 Nf6 13. Rd1 Qc7 14. f3 O-O
15. Ne2 d6 16. b4 Ne6 17. O-O Nd8 18. Nxc8 Qxc8 19. Qa4 Nc6 20. Qb3 Qc7 21. a4
Rbc8 22. a5 Nd7 23. Ra1 Nde5 24. a6 bxa6 25. Rxa6 Nb8 26. Ra7 Qd8 27. Rb7 e6
28. Rd1 Qh4 29. Bf4 Rfd8 30. Bg3 Qf6 31. c4 h5 32. f4 Ng4 33. h3 h4 34. hxg4
hxg3 35. g5 Qb2 36. Qxb2 Bxb2 37. Rb1 Bg7 38. Nxg3 Nc6 39. Ne2 Bf8 40. Kf2 d5
41. cxd5 exd5 42. Bd3 Rb8 43. Rxb8 Rxb8 44. exd5 Nxb4 45. Be4 Bc5+ 46. Kf3 Kf8
47. Rc1 Rb5 48. Rc4 Ke7 49. Nd4 Bxd4 50. Rxd4 Kd6 51. Ke3 Nxd5+ 52. Bxd5 Rxd5
53. Ke4 Rxd4+ 54. Kxd4 Ke6 55. Ke4 f6 56. gxf6 Kxf6 57. g4 Ke6 58. g5 Kf7 59.
Kd5 Ke7 60. Ke5 Kf7 61. Kd6 Kf8 62. Ke6 Kg7 63. Ke7 Kg8 64. Kf6 Kh7 65. Kf7 1-0

[Event "12sen.WM-H Naumburg"]
[Site "Naumburg/Saale(20.10.-03.11.)"]
[Date "2002.10.28"]
[Round "6"]
[White "Rost, Wolfgang_Dr"]
[Black "Bodinger, Karl"]
[Result "1/2-1/2"]
[WhiteElo "1839"]
[BlackElo "1577"]
[PlyCount "120"]
[EventDate "2002.11.??"]

1. e4 c5 2. Nc3 Nc6 3. g3 e5 4. Bg2 d6 5. d3 Nf6 6. h3 h6 7. Nge2 a6 8. O-O Nd4
9. f4 g5 10. fxe5 dxe5 11. Nxd4 cxd4 12. Nd5 Nxd5 13. exd5 Bg7 14. Qh5 O-O 15.
Bd2 f5 16. Rae1 Qe8 17. Qe2 Bd7 18. c4 dxc3 19. bxc3 b5 20. c4 bxc4 21. dxc4 e4
22. g4 Rc8 23. Bb4 Rf7 24. gxf5 Bd4+ 25. Kh1 Rxf5 26. Rxf5 Bxf5 27. Rf1 Qe5 28.
Bd6 Qxd6 29. Rxf5 Rb8 30. Qxe4 Bc5 31. Bf1 Rf8 32. Bd3 Rf7 33. Rxf7 Kxf7 34.
Qh7+ Kf8 35. Bg6 Qf6 36. Qxh6+ Ke7 37. Qh7+ Kd6 38. Qf7 Qa1+ 39. Kg2 Qg1+ 40.
Kf3 Qf2+ 41. Kg4 Qh4+ 42. Kf3 Qxh3+ 43. Ke2 Qe3+ 44. Kd1 Qd4+ 45. Kc2 Qxc4+ 46.
Kb1 Qb4+ 47. Kc2 Qa4+ 48. Kd3 Qd1+ 49. Kc3 Qa1+ 50. Kb3 Qd1+ 51. Bc2 Qxd5+ 52.
Qxd5+ Kxd5 53. Kc3 a5 54. Kd3 Ke5 55. Ke2 Kf4 56. Kf1 Ba3 57. Kg2 Ke3 58. Kg3
Kd2 59. Bb3 Kc3 60. Kg4 Be7 1/2-1/2

[Event "12sen.WM-H Naumburg"]
[Site "Naumburg/Saale(20.10.-03.11.)"]
[Date "2002.10.28"]
[Round "6"]
[White "Rost_van_Tonningen, Otto"]
[Black "Schwertel, Johann"]
[Result "1/2-1/2"]
[WhiteElo "2230"]
[BlackElo "2061"]
[PlyCount "76"]
[EventDate "2002.11.??"]

1. e4 c5 2. Nc3 Nc6 3. g3 d6 4. Bg2 e5 5. d3 Nf6 6. Nge2 Be7 7. O-O O-O 8. h3
Nd4 9. Be3 b5 10. f4 b4 11. Nb1 Nd7 12. Nc1 a5 13. c3 Nc6 14. Nd2 Ba6 15. Nf3
Qc7 16. Rf2 Bf6 17. f5 Be7 18. g4 f6 19. h4 Bd8 20. g5 Ne7 21. gxf6 Nxf6 22.
Ng5 Qc8 23. Ne6 Rf7 24. Bh3 Kh8 25. Rg2 Neg8 26. c4 Qd7 27. Qf3 Qe8 28. Ne2 Bc8
29. Ng3 Re7 30. Kh1 Raa7 31. Rag1 Rab7 32. Nf1 Red7 33. Rg5 Re7 34. Qg2 Bxe6
35. fxe6 g6 36. Qf3 Rg7 37. R5g2 Nh5 38. Qf2 Be7 1/2-1/2

[Event "12sen.WM-H Naumburg"]
[Site "Naumburg/Saale(20.10.-03.11.)"]
[Date "2002.10.28"]
[Round "6"]
[White "Rueggeberg, Wilhelm"]
[Black "Fanenbruck, Guenter"]
[Result "1-0"]
[WhiteElo "1814"]
[BlackElo "1557"]
[PlyCount "57"]
[EventDate "2002.11.??"]

1. d4 Nf6 2. Nf3 d5 3. c4 e6 4. Nc3 c5 5. e3 Nc6 6. cxd5 Nxd5 7. Be2 Be7 8. O-O
O-O 9. e4 Nxc3 10. bxc3 cxd4 11. cxd4 a6 12. Be3 Qa5 13. Qb3 Qb4 14. Rab1 b5
15. Rfd1 Bb7 16. d5 Qxb3 17. axb3 exd5 18. exd5 Nb4 19. d6 Bf6 20. d7 Nc6 21.
Rd2 Bd8 22. Rd6 Ne7 23. Bd3 Ba5 24. Bc5 Bc7 25. Rd4 Bd8 26. Re1 Nc6 27. Bxf8
Nxd4 28. Nxd4 Kxf8 29. Re8# 1-0

[Event "12sen.WM-H Naumburg"]
[Site "Naumburg/Saale(20.10.-03.11.)"]
[Date "2002.10.28"]
[Round "6"]
[White "Schlag, Franz"]
[Black "Brameyer, Hermann"]
[Result "1/2-1/2"]
[WhiteElo "2155"]
[BlackElo "2294"]
[PlyCount "76"]
[EventDate "2002.11.??"]

1. Nc3 d5 2. e4 d4 3. Nce2 c5 4. Ng3 e5 5. Bc4 Nf6 6. d3 Bd6 7. N1e2 O-O 8. O-O
Nc6 9. a3 a6 10. h3 b5 11. Ba2 Ra7 12. f4 Be6 13. Nf5 Bxa2 14. Nxd6 Qxd6 15.
Rxa2 Nd7 16. Ng3 exf4 17. Bxf4 Nde5 18. Ra1 f6 19. Qe2 Rd8 20. Nh5 Qe7 21. Bg3
c4 22. Nf4 Rf8 23. Nd5 Qc5 24. b4 Qd6 25. Qh5 Qe6 26. Nf4 Qf7 27. Qe2 Rc8 28.
Nd5 Qe6 29. Nb6 Rd8 30. Nd5 a5 31. Rfb1 axb4 32. Nxb4 Rda8 33. Nd5 cxd3 34.
cxd3 Rxa3 35. Rxa3 Rxa3 36. Rxb5 Ra8 37. Kh2 Rd8 38. Qc2 Qd7 1/2-1/2

[Event "12sen.WM-H Naumburg"]
[Site "Naumburg/Saale(20.10.-03.11.)"]
[Date "2002.10.28"]
[Round "6"]
[White "Schulz, Wolfgang[32Hamb]"]
[Black "Kraemer, Franz_Josef"]
[Result "1/2-1/2"]
[WhiteElo "2117"]
[BlackElo "1801"]
[PlyCount "67"]
[EventDate "2002.11.??"]

1. e4 e5 2. Nf3 Nf6 3. d4 d5 4. exd5 e4 5. Ne5 Nxd5 6. Bc4 Be6 7. O-O Nd7 8.
Qe2 Nxe5 9. dxe5 Qh4 10. g3 Qh3 11. Qxe4 c6 12. Nc3 Nxc3 13. bxc3 Bf5 14. Qg2
Qxg2+ 15. Kxg2 Bxc2 16. Be3 Ba3 17. Rae1 b5 18. Be2 Be4+ 19. f3 Bd5 20. Rd1 a6
21. Rd2 O-O 22. Kf2 Rae8 23. f4 f6 24. exf6 Rxf6 25. Bd4 Rfe6 26. Bg4 R6e7 27.
Rfd1 Bd6 28. h4 g6 29. Bh3 Kf7 30. Bf1 Ba3 31. Be2 Bd6 32. Kf1 Rxe2 33. Rxe2
Bc4 34. Rdd2 1/2-1/2